000 03993nab a22008057 4500
003 AR-RoUNA
022 _a0327-9022
040 _aAR-RoUNA
_bspa
041 _aspa
044 _aag
245 _aSumma+ /
_bPaisaje Intimidad - Especial Casas
260 _aBuenos Aires ,
_c1993
300 _a144 p. :
_bil. byn.
_bplanos
_c34 X25 cm.
505 0 _tINDICE
505 0 _tPAISAJE E INTIMIDAD
505 0 _tDESPLEGAR PARA MIRAR
505 0 _aProdcutora / Casa Díaz, Estado México,México, 2011. p. 6
505 0 _tPUPILAS LEJANAS
505 0 _aPlan:B arqs + Mazzanti arqs. / Casa V, Sabana de Bogotá, Colombia, 2009. p. 12
505 0 _tCOLGADA DE UN BARRANCO
505 0 _aMathias Klotz y Magdalena Bernstein / Casa Raúl, Aculeo, Chile, 2007. p. 18
505 0 _tOBSERVATORIO DEL PAISAJE
505 0 _aTidy arq. / Casa Martínez, Chile, 2009. p. 24
505 0 _aRevisando el tema de la casa unifamiliar: preguntas sobre ambiente, aislación, sustentabilidad y manifiestos. p. 30
505 0 _aAngelo Bucci. p. 32 Fernando Pérez Dyarzún. p. 34 Pablo Güiraldes. p. 36
505 0 _tLOCAL Y COLONIAL
505 0 _aMapa / Casa WA, Curacaví, Chile, 2011. p. 38
505 0 _tDOS FACHADAS
505 0 _aBernades + Jacobsen arqs. / Casa ML, Porto Feliz, San Pablo, Brasil, 2010. p. 44
505 0 _tMÁS QUE UN PATO
505 0 _aRicardo Bak Gordon / Casa en Quelfes, Portugal, 2007. p. 50
505 0 _tEN LA LADERA DE UN CASTILLO
505 0 _aFran Silvestre arqs. / Casa en la ladera de un castillo, Valencia, España, 2009. p. 54
505 0 _tJARDÍN DE LUZ
505 0 _aJuan Agustín Soza / Habitación en Santa Sofía, Santiago, Chile, 2010. p. 58
505 0 _tPANORÁMICA AL MAR
505 0 _aKazunori Fijimoto arch & ass / Casa en Mihara, Japón, 2009. p. 62
505 0 _aAníbal Parodi Rebella / La Magia de la arquitectura: la casa del arquitecto Julio Vilamajo en Montevideo. p. 66
505 0 _tLA PRIVACIDAD ES TODAVÍA POSIBLE
505 0 _aIsay Weinfeld / Casa Marrom, San Pablo, Brasil, 2004. p. 78
505 0 _tTRANSPARENCIA CONTROLADA
505 0 _aDrucker arq. ass / Casa Vila Madalena, San Pablo, Brasil, 2011. p. 82
505 0 _tDOBLE BANDA
505 0 _aG+ / Casa Buceo, Montevideo, Uruguay, 2005. p. 86
505 0 _aDaniel Corsi / Frecuencia modulada interconectada. p. 90
505 0 _aTerra E Tuma arq. aso / Casa Maracaná, San Pablo Brasil, 2009. p. 90
505 0 _aDavid Haymann / El paisaje es como el sexo. p. 94
505 0 _tUSOS DE LA CORONA
505 0 _aAdamo-Faiden arqs. / Casa Venturini, Barrio Abasto, CABA, 2012. p. 104
505 0 _tTRADICIÓN DEPURADA
505 0 _aBeccar Varela & Werber arqs. / Casa VLady, Palermo Viejo, CABA, 2010. p. 110
505 0 _tLUDICASA
505 0 _aGrupo Aranea / Casa Lude, Murcia, España, 2011. p. 114
505 0 _aLucrecia Álvarez / Pila Pila. p. 118
505 0 _aWAM arch / Inntel Hotels Ámsterdam - Zaandam, Países Bajos, 2010. p. 118
505 0 _aPatricia Tetzlaff / Venecia 2012; Common Groubd: La Bienal de arquitectura de Venecia celebra este año su 13ª edición. p. 126
505 0 _aRamón Gutiérrez / Cuando Goliat premió a David o David se premió a sí mismo. p. 132
505 0 _aRuth Verde Zein / Una vieja y respetable señora. p. 134
505 0 _aRafael E.J. Iglesia / De las causas de los objetos. p. 136
505 0 _aIgnacio Ros De Olano / Barcelona en papel. p. 140
505 0 _aRoberto Fernández / Las folies de Tschumi. p. 141
505 0 _aRita Molinos y Mario Sabugo / Las casitas de la difunta correa. p. 142
505 0 _aLouise Noelle / Ricardo Legorreta: en busca de la tradición y de la modernidad. p. 144
650 _aArquitectura contemporánea
773 0 _aSumma+
_dBuenos Aires, Argentina
_gNº126 (dic-2012), p. 144
_x0327-9022
908 _aImp
942 _2udc
_cART
945 _aMBP
_d2022-07-08
980 _8138
_gCarolina Rainero
_6138
_aCarolina Rainero
999 _c12266
_d12266